Dutch Kings and Queens - Statistics

General Stats
  • This quiz has been taken 9 times
  • The average score is 1 of 14
Answer Stats
Hint Answer % Correct
1948-1980 Juliana Louise Emma Marie Wilhelmina
78%
Máxima Zorreguieta
22%
2013-now Willem-Alexander Claus George Ferdinand
11%
Anna Paulowna van Rusland
0%
1980-2013 Beatrix Wilhelmina Armgard
0%
Bernhard van Lippe-Biesterfeld
0%
Claus van Amsberg
0%
Emma van Waldeck-Pyrmont
0%
Hendrik van Mecklenburg-Schwerin
0%
1890-1948 Wilhelmina Helena Pauline Maria
0%
Wilhelmina van Pruisen
0%
1815-1840 Willem 1 Frederik van Oranje-Nassau
0%
1840-1849 Willem 2 Frederik George Lodewijk
0%
1849-1890 Willem 3 Alexander Paul Frederik Lodewijk
0%
No matching quizzes found
Score Distribution
Percent of People with Each Score
Percentile by Number Answered
Your Score History
You have not taken this quiz